[Event "Elite Hotels Open 2015"]
[Site "Elite Stadshotellet, Vaxjo"]
[Date "2015.02.15"]
[Round "7.26"]
[White "Agrest, Inna"]
[Black "Pantzar, Milton"]
[Result "1-0"]
[WhiteElo "2174"]
[BlackElo "2042"]

1.e4 e6 2.d4 d5 3.Nc3 Nf6 4.Bg5 Be7 5.e5 Nfd7 6.h4 h6 7.Bxe7 Qxe7 8.Qg4 
O-O 9.f4 c5 10.Nf3 Nc6 11.O-O-O f6 12.Qg6 Qf7 13.Qxf7+ Rxf7 14.f5 Nf8 15.
exf6 cxd4 16.Nxd4 e5 17.Ndb5 d4 18.Bc4 dxc3 19.Nd6 cxb2+ 20.Kxb2 Nd8 21.
Rh3 gxf6 22.Rg3+ Kh7 23.Nxf7 Nxf7 24.Bxf7 Bxf5 25.Rf1 Bg6 26.Rxf6 Kg7 27.
Rf2 h5 28.Bxg6 Nxg6 29.Rf5 Kh6 30.Rgg5 1-0

[Event "Elite Hotels Open 2015"]
[Site "Elite Stadshotellet, Vaxjo"]
[Date "2015.02.15"]
[Round "7.27"]
[White "Eriksson, Kristian"]
[Black "Bernhardsson, Sten"]
[Result "1-0"]
[WhiteElo "2153"]
[BlackElo "2035"]

1.e4 c5 2.Nf3 e6 3.Nc3 Nc6 4.d4 cxd4 5.Nxd4 a6 6.g3 Nxd4 7.Qxd4 Ne7 8.Bg2 
Nc6 9.Qd3 Be7 10.O-O O-O 11.Be3 Ne5 12.Qe2 Qc7 13.Rad1 d6 14.Kh1 Bd7 15.f4
Nc4 16.Bc1 Rac8 17.Rf3 b5 18.a3 Bc6 19.Rfd3 Qb7 20.b3 Nb6 21.Bb2 Nd7 22.
Nd5 Bd8 23.Nb4 Be7 24.Rxd6 Bxd6 25.Rxd6 Nb8 26.Qd3 Qe7 27.Nxc6 Nxc6 28.Rd7
Qc5 29.c4 Rfd8 30.Qc3 e5 31.Rd5 Qf2 32.h3 Rxd5 33.cxd5 Qd4 34.dxc6 Qxc3 
35.Bxc3 exf4 36.e5 fxg3 37.Bd5 Kf8 38.Kg2 Ke7 39.Bb4+ Kd8 40.Bd6 a5 41.
Kxg3 a4 42.bxa4 bxa4 43.Kf4 Ke8 44.c7 1-0

[Event "Elite Hotels Open 2015"]
[Site "Elite Stadshotellet, Vaxjo"]
[Date "2015.02.15"]
[Round "7.28"]
[White "Rahul Kumar, Pune"]
[Black "Peterson, Curt"]
[Result "1-0"]
[WhiteElo "2148"]
[BlackElo "2017"]

1.e4 e6 2.Nf3 d5 3.Nc3 c5 4.exd5 exd5 5.d4 c4 6.Be2 Nf6 7.O-O Be7 8.b3 
cxb3 9.axb3 O-O 10.Nb5 Bd7 11.Bf4 Nc6 12.c4 a6 13.Nc3 Bf5 14.c5 Ne4 15.Na4
g5 16.Be3 Bg6 17.Ne5 f5 18.f3 f4 19.fxe4 fxe3 20.exd5 Rxf1+ 21.Bxf1 Nxe5 
22.dxe5 Qf8 23.d6 Qf2+ 24.Kh1 Bc2 25.Qd5+ Kh8 26.dxe7 Re8 27.Nc3 Qd2 28.
Qf7 Bg6 29.Qf8+ 1-0

[Event "Elite Hotels Open 2015"]
[Site "Elite Stadshotellet, Vaxjo"]
[Date "2015.02.15"]
[Round "7.29"]
[White "Rishovd, Svein"]
[Black "Lindahl, Emil"]
[Result "1/2-1/2"]
[WhiteElo "2010"]
[BlackElo "2140"]

1.c4 c5 2.g3 g6 3.Bg2 Bg7 4.Nc3 Nc6 5.Nf3 Nf6 6.d4 cxd4 7.Nxd4 O-O 8.O-O 
Nxd4 9.Qxd4 d6 10.Qd3 Nd7 11.b3 a6 12.Be3 Ne5 13.Qd2 Ng4 14.Bd4 Bh6 15.f4 
e5 16.Bf2 exf4 17.gxf4 Nxf2 18.Rxf2 Rb8 19.Rd1 Be6 20.Qxd6 Qa5 21.Qd2 b5 
22.Bd5 Rfd8 23.e3 bxc4 24.bxc4 Bg7 25.Ne4 Qa3 26.Qd3 Qa5 27.Ng5 Qb6 28.Kh1
h6 29.Nf3 Bf5 1/2-1/2

[Event "Elite Hotels Open 2015"]
[Site "Elite Stadshotellet, Vaxjo"]
[Date "2015.02.15"]
[Round "7.30"]
[White "Reid, Gregor J M"]
[Black "Sundqvist, Jan-Ove"]
[Result "1-0"]
[WhiteElo "2133"]
[BlackElo "1934"]

1.e4 e5 2.Nf3 Nc6 3.Bb5 Nd4 4.Nxd4 exd4 5.Bc4 d6 6.O-O Be6 7.Bxe6 fxe6 8.
Qh5+ g6 9.Qb5+ Kf7 10.Qxb7 Bg7 11.f4 Ne7 12.Qb3 Rb8 13.Qh3 Rf8 14.d3 Qd7 
15.Nd2 h6 16.Nf3 Ke8 17.b3 Qc6 18.Rf2 Qd7 19.Bd2 c5 20.Re1 Kd8 21.Ba5+ Kc8
22.Nd2 Kb7 23.Nc4 Nc6 24.Bd2 Ka8 25.Qg4 Ne7 26.a3 h5 27.Qh3 Rh8 28.b4 h4 
29.Rff1 Rh5 30.bxc5 dxc5 31.Qf3 h3 32.g3 Rhh8 33.f5 Nc6 34.f6 Bh6 35.Bxh6 
Rxh6 36.e5 Rh7 37.Na5 Rc8 38.Nxc6 1-0

[Event "Elite Hotels Open 2015"]
[Site "Elite Stadshotellet, Vaxjo"]
[Date "2015.02.15"]
[Round "7.31"]
[White "Fransson, Patrick"]
[Black "Johansson, Roland"]
[Result "0-1"]
[WhiteElo "2130"]
[BlackElo "1963"]
[EventDate "2015.02.13"]

1.d4 f5 2.Bg5 h6 3.Bh4 g5 4.e4 Rh7 5.Qh5+ Rf7 6.Nf3 d6 7.Bxg5 fxe4 8.Bc4 
d5 9.Ne5 Be6 10.Be2 hxg5 11.Bg4 Qd6 12.Qg6 Nf6 13.Bxe6 Qxe6 14.Nxf7 Qxf7 
15.Qxg5 Nc6 16.c3 Qh7 17.Qe3 e5 18.O-O exd4 19.cxd4 Bd6 20.h3 Ne7 21.Nc3 
c6 22.f3 Kd7 23.fxe4 Nxe4 24.Nxe4 dxe4 25.Rae1 Rg8 26.Qb3 Rg3 27.Qxb7+ Bc7
28.d5 Nxd5 29.Rc1 Qg6 30.Rf2 e3 31.Rfc2 Qd6 32.Kf1 Qf4+ 33.Kg1 Qd6 34.Kf1 
Rg6 35.Rxc6 Qf4+ 36.Ke2 Qf2+ 37.Kd3 Qd2+ 38.Ke4 Qxg2+ 39.Kd3 Nf4+ 40.Kxe3 
Rg3+ 41.Kd4 Qd5# 0-1

[Event "Elite Hotels Open 2015"]
[Site "Elite Stadshotellet, Vaxjo"]
[Date "2015.02.15"]
[Round "7.34"]
[White "Emmoth, Alfons"]
[Black "Horbing, Stefan"]
[Result "0-1"]
[WhiteElo "1714"]
[BlackElo "2080"]
[EventDate "2015.02.13"]

1.d4 Nf6 2.c4 g6 3.Nc3 d5 4.cxd5 Nxd5 5.e4 Nxc3 6.bxc3 Bg7 7.Bc4 c5 8.Be3 
Nc6 9.Ne2 O-O 10.O-O Na5 11.Bd3 Qc7 12.Rc1 b6 13.f3 e5 14.d5 c4 15.Bc2 Nb7
16.Ba4 Nd6 17.Bc6 Rb8 18.Rb1 f5 19.Qc2 f4 20.Bf2 g5 21.h3 h5 22.Kh2 g4 23.
Be1 Rf6 24.Ng1 Rg6 25.Qe2 Bf8 26.a4 Qg7 27.Bd2 Nf7 28.Bb5 Bc5 29.Bxc4 Kh7 
30.Bd3 Qf6 31.Be1 Bd7 32.Bb5 gxh3 33.Nxh3 Bxh3 34.gxh3 Rbg8 35.Bd7 Nd6 36.
Rb2 Qe7 37.Be6 R8g7 38.Rc2 Qe8 39.Ra2 Be3 40.Bh4 Qf8 41.Qc2 Kh6 42.Raa1 
Rc7 43.Rab1 Nc4 44.Bf5 Rgg7 45.Rbd1 Bc5 46.Rd3 Ne3 47.Rxe3 Bxe3 48.Qb2 Qc5
49.Be1 Qc4 50.Rh1 Qd3 0-1

[Event "Elite Hotels Open 2015"]
[Site "Elite Stadshotellet, Vaxjo"]
[Date "2015.02.15"]
[Round "7.35"]
[White "Winfridsson, Hakan"]
[Black "Karlsson, Roger"]
[Result "1/2-1/2"]
[WhiteElo "2080"]
[BlackElo "1921"]
[EventDate "2015.02.13"]

1.e4 c6 2.Nf3 d5 3.exd5 cxd5 4.Ne5 a6 5.d4 Nc6 6.c3 Nf6 7.Bd3 g6 8.O-O Bg7
9.f4 Qc7 10.Nd2 b5 11.Qe2 Bf5 12.Bxf5 gxf5 13.Ndf3 Ne4 14.Nxc6 Qxc6 15.Ne5
Bxe5 16.fxe5 e6 17.Bf4 h5 18.a4 Qc4 19.Qd1 1/2-1/2

[Event "Elite Hotels Open 2015"]
[Site "Elite Stadshotellet, Vaxjo"]
[Date "2015.02.15"]
[Round "7.37"]
[White "Piechot, Steffen"]
[Black "Johansson, Carl Fredrik"]
[Result "0-1"]
[WhiteElo "1945"]
[BlackElo "2160"]
[EventDate "2015.02.13"]

1.b3 d6 2.Bb2 Nd7 3.Nf3 Ngf6 4.e3 g6 5.Be2 Bg7 6.c4 O-O 7.Qc2 e5 8.d3 Nc5 
9.Nbd2 a5 10.a3 Bd7 11.O-O Re8 12.Rac1 Qe7 13.Rfe1 Bf5 14.b4 Na6 15.bxa5 
Nc5 16.Bc3 Qd7 17.e4 Be6 18.Rb1 Ra7 19.Nb3 Nxb3 20.Rxb3 Qe7 21.Reb1 Bc8 
22.Bd2 Nd7 23.Qc3 Nc5 24.Be3 Ra8 25.Bxc5 dxc5 26.R3b2 f5 27.Nd2 f4 28.h3 
h5 29.Rb5 c6 30.Rb6 Bf6 31.a6 Rxa6 32.Rxa6 bxa6 33.Qa5 Qd6 34.Qb6 Be7 35.
Qb8 Qe6 36.Qa8 Qd7 37.Rb6 Bd8 38.Qxc6 Bxb6 39.Qxg6+ Kf8 40.Qxb6 Qe7 41.Nb3
Rd8 42.Qxc5 h4 43.Qc6 Qd6 44.Qa4 Be6 45.Nd2 Rb8 46.Nf3 Rb1+ 47.Kh2 Qb6 48.
c5 Qxc5 49.d4 Qc1 50.Bd1 Qxd1 51.Qxd1 Rxd1 52.d5 Bc8 53.Nxe5 Ra1 54.Nc4 
Ra2 55.Kg1 Bd7 56.Ne5 Be8 57.d6 Ra1+ 58.Kh2 Rd1 0-1

[Event "Elite Hotels Open 2015"]
[Site "Elite Stadshotellet, Vaxjo"]
[Date "2015.02.15"]
[Round "7.38"]
[White "Tuomainen, Felix"]
[Black "Petersson, Kjell"]
[Result "1/2-1/2"]
[WhiteElo "1929"]
[BlackElo "2148"]
[EventDate "2015.02.13"]

1.d4 f5 2.g3 Nf6 3.Bg2 e6 4.Nf3 d5 5.O-O Bd6 6.b3 Qe7 7.c4 c6 8.Nbd2 O-O 
9.Bb2 Nbd7 10.Ne5 Ne4 11.Nxd7 Nxd2 12.Nxf8 Nxf1 13.Qxf1 Qxf8 14.e3 Bd7 15.
f4 b6 1/2-1/2

[Event "Elite Hotels Open 2015"]
[Site "Elite Stadshotellet, Vaxjo"]
[Date "2015.02.15"]
[Round "7.39"]
[White "Lindstrom, Andreas"]
[Black "Svensson, Anders 1971"]
[Result "0-1"]
[WhiteElo "1932"]
[BlackElo "2131"]
[EventDate "2015.02.13"]

1.d4 Nf6 2.c4 g6 3.Nc3 Bg7 4.e4 d6 5.Bg5 Nbd7 6.Nf3 h6 7.Be3 e5 8.d5 a5 9.
h3 Qe7 10.Bd3 Nc5 11.O-O Nxd3 12.Qxd3 O-O 13.Rac1 Nh5 14.Nb5 Nf4 15.Qd2 f5
16.c5 fxe4 17.cxd6 cxd6 18.Rc7 Qf6 19.Bxf4 exf4 20.Nfd4 f3 21.Ne6 Bxe6 22.
dxe6 fxg2 23.Rd1 Qxe6 24.Qxd6 Qxh3 25.Qh2 Qxh2+ 26.Kxh2 Be5+ 27.Kxg2 Bxc7 
28.Nxc7 Rac8 0-1

[Event "Elite Hotels Open 2015"]
[Site "Elite Stadshotellet, Vaxjo"]
[Date "2015.02.15"]
[Round "7.40"]
[White "Lindborg, Patrik"]
[Black "Wester, Fredrik"]
[Result "1-0"]
[WhiteElo "2127"]
[BlackElo "1920"]
[EventDate "2015.02.13"]

1.d4 Nf6 2.c4 e6 3.Nf3 c5 4.d5 d6 5.Nc3 exd5 6.cxd5 g6 7.h3 Bg7 8.e4 O-O 
9.Bd3 b6 10.O-O Ba6 11.Bf4 c4 12.Bc2 b5 13.a3 Nh5 14.Be3 Re8 15.Nd4 Qd7 
16.Ndxb5 Bxb5 17.Nxb5 Bxb2 18.Rb1 Qxb5 19.Ba4 Qa5 20.Bxe8 Qxa3 21.Qg4 Na6 
22.Qd7 Bg7 23.Qxf7+ Kh8 24.Bd4 h6 25.Rb7 Bxd4 26.Qf8# 1-0

[Event "Elite Hotels Open 2015"]
[Site "Elite Stadshotellet, Vaxjo"]
[Date "2015.02.15"]
[Round "7.41"]
[White "Helin, Mikael"]
[Black "Mattsson, Michael"]
[Result "0-1"]
[WhiteElo "1915"]
[BlackElo "2076"]
[EventDate "2015.02.13"]

1.e4 e5 2.Nc3 Nf6 3.Bc4 Nc6 4.f4 Nxe4 5.Nf3 Nxc3 6.dxc3 Qe7 7.b4 exf4+ 8.
Kf2 Qf6 9.Re1+ Be7 10.Re4 g5 11.Nxg5 Qxg5 12.Rxf4 Ne5 13.Bb3 d6 14.Kg1 Rg8
15.g3 Qg6 16.Bd5 c6 17.Be4 Qg7 18.Be3 Bg4 19.Qd4 h5 20.Raf1 h4 21.Rxg4 
Nxg4 22.Qxg7 Rxg7 23.Bd4 Ne5 24.a4 hxg3 25.h3 Kd7 26.c4 f6 27.c5 d5 28.Bg2
a6 29.Rb1 Rh7 30.b5 axb5 31.axb5 Rh4 32.bxc6+ bxc6 33.Be3 Kc7 34.Rf1 Ra3 
35.Bf4 Bxc5+ 36.Kh1 Bf2 37.Bc1 Ra1 38.c3 Kb7 39.c4 Rxc4 40.Bh6 Rxf1+ 41.
Bxf1 Nf3 0-1

[Event "Elite Hotels Open 2015"]
[Site "Elite Stadshotellet, Vaxjo"]
[Date "2015.02.15"]
[Round "7.42"]
[White "Andersson, Thorbjorn"]
[Black "Jakenberg, Jussi"]
[Result "0-1"]
[WhiteElo "1903"]
[BlackElo "2019"]
[EventDate "2015.02.13"]

1.d4 Nf6 2.Nf3 e6 3.g3 b6 4.Bg2 Bb7 5.O-O d5 6.Bg5 Be7 7.Bxf6 Bxf6 8.c3 
O-O 9.Nbd2 c5 10.e3 Nc6 11.a3 Qd6 12.h4 Rac8 13.Nh2 Rfe8 14.f4 cxd4 15.
exd4 Na5 16.Ng4 Be7 17.Kh2 Ba6 18.Rf2 f6 19.Ne3 f5 20.Nf3 Bf6 21.Ne5 Bxe5 
22.fxe5 Qd7 23.g4 g6 24.gxf5 gxf5 25.Qf3 Bb7 26.Rg1 Kh8 27.Bf1 Rg8 28.Rfg2
Qf7 29.Bb5 Rxg2+ 30.Rxg2 a6 31.Bd3 Nc4 32.Nd1 b5 33.Qf4 Nb6 34.Qh6 Nd7 35.
Nf2 Rg8 36.Rxg8+ Qxg8 37.Nh3 Qg6 38.Qd2 Kg7 39.Nf4 Qh6 40.Qf2 Nf8 0-1

[Event "Elite Hotels Open 2015"]
[Site "Elite Stadshotellet, Vaxjo"]
[Date "2015.02.15"]
[Round "7.43"]
[White "Bragesjo, Tomas"]
[Black "Isaxon, Alf"]
[Result "1/2-1/2"]
[WhiteElo "1900"]
[BlackElo "2014"]
[EventDate "2015.02.13"]

1.e4 e5 2.Nf3 Nc6 3.Bb5 Nf6 4.Nc3 Bc5 5.O-O d6 6.d4 exd4 7.Nxd4 Bd7 8.Nf5 
O-O 9.Bg5 h6 10.Bh4 Kh7 11.Qd2 g5 12.Bg3 Nxe4 13.Nxe4 Bxf5 14.Nxc5 dxc5 
15.Qxd8 Raxd8 16.Bxc6 bxc6 17.Bxc7 Rd2 18.Rad1 Rxc2 19.Be5 Be6 20.a3 Bb3 
21.Rc1 Re8 22.Rxc2 Bxc2 23.Bc3 Kg6 24.Re1 Rxe1+ 25.Bxe1 1/2-1/2

[Event "Elite Hotels Open 2015"]
[Site "Elite Stadshotellet, Vaxjo"]
[Date "2015.02.15"]
[Round "7.44"]
[White "Garner, Marten"]
[Black "Svensson, Hakan"]
[Result "1-0"]
[WhiteElo "1893"]
[BlackElo "2011"]
[EventDate "2015.02.13"]

1.d4 c5 2.d5 g6 3.c4 Bg7 4.Nc3 Bxc3+ 5.bxc3 f5 6.Qc2 Nf6 7.f3 Qa5 8.Rb1 d6
9.e4 fxe4 10.fxe4 Nxe4 11.Rb3 Nf6 12.Bd3 Nbd7 13.Nf3 Nb6 14.Ra3 Na4 15.
Qxa4+ Qxa4 16.Rxa4 Bd7 17.Ra3 b5 18.Bg5 b4 19.cxb4 cxb4 20.Rb3 a5 21.O-O 
Rb8 22.Re1 Kf7 23.Rb2 Rhe8 24.Nd4 a4 25.Reb1 h6 26.Bd2 Ng4 27.Rxb4 Rbc8 
28.Bf4 g5 29.Bg3 h5 30.Rf1+ Nf6 31.Rb7 Red8 32.h3 h4 33.Bf2 Rg8 34.Be3 Ke8
35.Nf3 g4 36.hxg4 Rxg4 37.Ng5 h3 38.Bg6+ Kf8 39.Rxd7 Rxg2+ 40.Kh1 Kg7 41.
Bd3 Nxd7 42.Rf7+ Kg8 43.Bh7+ Kh8 44.Bf5 Rxc4 45.Rh7+ Kg8 46.Be6+ Kf8 47.
Rh8+ Kg7 48.Rg8+ Kf6 49.Bxd7 Ke5 50.Bxh3 Rxa2 51.Rf8 Ra1+ 52.Kg2 Rc2+ 53.
Kf3 e6 54.dxe6 1-0

[Event "Elite Hotels Open 2015"]
[Site "Elite Stadshotellet, Vaxjo"]
[Date "2015.02.15"]
[Round "7.45"]
[White "Olsson, Lars F"]
[Black "Gummesson, Anton"]
[Result "1-0"]
[WhiteElo "2002"]
[BlackElo "1863"]
[EventDate "2015.02.13"]

1.c4 Nf6 2.Nc3 g6 3.g3 Bg7 4.Bg2 O-O 5.d3 d6 6.Bg5 Nc6 7.h4 Bg4 8.Rb1 a5 
9.a3 Qd7 10.Qc1 Nd4 11.b4 axb4 12.axb4 Ra7 13.Be3 e5 14.Bxd4 exd4 15.Nb5 
Ra2 16.Nxd4 Nh5 17.Nc2 Bc3+ 18.Kf1 Qa4 19.Ne1 Bxb4 20.Ngf3 Re8 21.e4 Bc5 
22.d4 Ba3 23.Qg5 Qxc4+ 24.Kg1 f5 25.Rh2 Bxf3 26.Bxf3 Ng7 27.exf5 Nxf5 28.
h5 Qf7 29.hxg6 hxg6 30.Nd3 c6 31.Nf4 Nxd4 32.Bg4 Re5 33.Qh4 Qg7 34.Qd8+ 
Qf8 35.Rh8+ 1-0

[Event "Elite Hotels Open 2015"]
[Site "Elite Stadshotellet, Vaxjo"]
[Date "2015.02.15"]
[Round "7.46"]
[White "Waara, Jorgen"]
[Black "Andersson, Sven-Olof"]
[Result "1/2-1/2"]
[WhiteElo "1863"]
[BlackElo "1999"]
[EventDate "2015.02.13"]

1.d4 Nf6 2.c4 e5 3.dxe5 Ng4 4.Nf3 Bc5 5.e3 Nc6 6.e6 dxe6 7.Qxd8+ Kxd8 8.a3
a5 9.b3 Ke7 10.Bb2 f6 11.Nc3 Bd7 12.h3 Nge5 13.Nd2 Kf7 14.Nb5 Rac8 15.Ne4 
Be7 16.f4 Ng6 17.Rd1 Rhd8 18.g3 f5 19.Nf2 Bc5 20.Ke2 Nce7 21.Bg2 Bc6 22.
Rxd8 Rxd8 23.Bxc6 bxc6 24.Nd4 Rb8 25.Bc3 Bxd4 26.exd4 Rxb3 27.Bxa5 Rxa3 
28.Bxc7 Rxg3 29.Rb1 Rc3 30.Rb4 Rc2+ 31.Ke3 Rc3+ 32.Ke2 Rc2+ 1/2-1/2

[Event "Elite Hotels Open 2015"]
[Site "Elite Stadshotellet, Vaxjo"]
[Date "2015.02.15"]
[Round "7.48"]
[White "Eidenert, Carl"]
[Black "Sarwary, Hamidullah"]
[Result "1-0"]
[WhiteElo "1990"]
[BlackElo "1838"]
[EventDate "2015.02.13"]

1.c4 e5 2.Nc3 Nf6 3.Nf3 Nc6 4.d4 exd4 5.Nxd4 Be7 6.g3 O-O 7.Bg2 Ne5 8.b3 
d6 9.O-O h6 10.Bb2 a6 11.Qd2 Rb8 12.f4 Ng6 13.e4 Bd7 14.Nc2 Re8 15.Ne3 Bc6
16.Ncd5 Bxd5 17.Nxd5 Nxd5 18.cxd5 Bf6 19.Rac1 Bxb2 20.Qxb2 Re7 21.Rc3 c5 
22.dxc6 Qb6+ 23.Qf2 bxc6 24.Qxb6 Rxb6 25.Rd1 Rd7 26.Rcd3 Kf8 27.Rxd6 Rxd6 
28.Rxd6 f6 29.Bh3 Ke7 30.Rd7+ Kf8 31.Ra7 c5 32.Bf1 Rc6 33.Bxa6 Kg8 34.Bc4+
Kh7 35.Bd5 Rc8 36.Kf2 h5 37.Ke2 h4 38.Be6 hxg3 39.hxg3 Nf8 40.Bxc8 1-0

[Event "Elite Hotels Open 2015"]
[Site "Elite Stadshotellet, Vaxjo"]
[Date "2015.02.15"]
[Round "7.51"]
[White "Hedstrom Crevatin, Leo"]
[Black "Subramanian, Aditya"]
[Result "1/2-1/2"]
[WhiteElo "1546"]
[BlackElo "1957"]
[EventDate "2015.02.13"]

1.d4 Nf6 2.c4 e6 3.a3 d5 4.Bg5 Be7 5.Nc3 c6 6.e3 O-O 7.Nf3 Nbd7 8.Bd3 dxc4
9.Bxc4 c5 10.O-O cxd4 11.Qxd4 Nb6 12.Qxd8 Rxd8 13.Be2 h6 14.Bh4 Bd7 15.
Rfd1 Rdc8 16.Rd2 a6 17.Ne5 Be8 18.Bf3 Ra7 19.h3 Ne4 20.Nxe4 Bxh4 21.Nd6 
Rd8 22.Nec4 Nxc4 23.Nxc4 Rxd2 24.Nxd2 Bf6 25.Rb1 Bb5 26.Ne4 Be5 27.Nc3 Bd7
28.Rd1 b6 29.Be2 b5 30.f4 Bf6 31.Rd2 Bc6 32.Bf3 Rd7 33.Rxd7 Bxd7 34.Kf1 a5
35.Nd1 b4 36.axb4 axb4 37.b3 Bb5+ 38.Be2 Bc6 39.Bf3 Bd5 40.Bxd5 exd5 41.
Ke2 Ba1 42.Kd3 f5 43.Kc2 Kf7 44.Nf2 Ke6 45.Nd3 Bc3 46.Nc1 d4 47.exd4 Bxd4 
48.Kd3 Kd5 49.Na2 Kc5 50.Nxb4 Bf6 51.Nc2 g5 52.fxg5 hxg5 53.b4+ Kd5 54.
Ne3+ Ke5 55.b5 Kf4 56.Nf1 g4 57.hxg4 1/2-1/2

[Event "Elite Hotels Open 2015"]
[Site "Elite Stadshotellet, Vaxjo"]
[Date "2015.02.15"]
[Round "7.53"]
[White "Thiborg, Jesper"]
[Black "Lindberg, Cajsa"]
[Result "1-0"]
[WhiteElo "2051"]
[BlackElo "1783"]
[EventDate "2015.02.13"]

1.d4 d5 2.c4 c6 3.Nc3 Nf6 4.Nf3 a6 5.a4 e6 6.e3 a5 7.Bd3 Na6 8.c5 b6 9.Ne5
Nb4 10.cxb6 Qxb6 11.O-O Nxd3 12.Nxd3 Ba6 13.Re1 Bxd3 14.Qxd3 Be7 15.e4 
dxe4 16.Nxe4 Nd5 17.Bd2 O-O 18.Rac1 Rfc8 19.Nc5 Bf6 20.Rc4 Nb4 21.Bxb4 
axb4 22.b3 Rd8 23.Rd1 h6 24.Qe4 e5 25.h3 Rxd4 26.Rdxd4 exd4 27.Nd3 Rc8 28.
Qf5 Qc7 29.Nxb4 Re8 30.Nd3 Qb7 31.Rb4 Qc7 32.g3 Qe7 33.Qf3 c5 34.Rb7 Qd6 
35.Rb5 Rc8 36.Qf5 Qd8 37.Rxc5 Rxc5 38.Qxc5 Qd7 39.Kh2 Qe6 40.Qb5 Qe2 41.a5
Bg5 42.a6 Qa2 43.Qa4 Qd2 44.Qxd4 Qa5 45.Qc4 Bd8 46.b4 Qa3 47.Qd4 Bb6 48.
Qxb6 Qxd3 49.a7 1-0

[Event "Elite Hotels Open 2015"]
[Site "Elite Stadshotellet, Vaxjo"]
[Date "2015.02.15"]
[Round "7.54"]
[White "Hagglund, Lars"]
[Black "Eriksson, Lennarth"]
[Result "1-0"]
[WhiteElo "1861"]
[BlackElo "2009"]
[EventDate "2015.02.13"]

1.d4 f5 2.Bg5 c5 3.dxc5 Qa5+ 4.Qd2 Qxc5 5.Nc3 g6 6.Be3 Qa5 7.Qd5 Qd8 8.Bd4
Nf6 9.Bxf6 exf6 10.O-O-O Nc6 11.e4 Ne7 12.Qb3 Qb6 13.Bb5 Qc5 14.exf5 Qxf5 
15.Nf3 a6 16.Bd3 Qf4+ 17.Kb1 b5 18.Rhe1 Bb7 19.Be4 O-O-O 20.a4 d5 21.Nxd5 
Nxd5 22.Bxd5 Bc5 23.Bxb7+ Kxb7 24.axb5 a5 25.Qe6 Qc7 26.Rxd8 Rxd8 27.Qxf6 
Bxf2 28.Re7 Rd7 29.Qa6+ Kb8 30.Ne5 1-0

[Event "Elite Hotels Open 2015"]
[Site "Elite Stadshotellet, Vaxjo"]
[Date "2015.02.15"]
[Round "7.55"]
[White "Wihlborn, Bengt"]
[Black "Knutsson, Hakan"]
[Result "1/2-1/2"]
[WhiteElo "1860"]
[BlackElo "1987"]
[EventDate "2015.02.13"]

1.Nf3 Nf6 2.c4 e6 3.e3 c5 4.Nc3 d5 5.d4 Nc6 6.Be2 a6 7.cxd5 Nxd5 8.O-O Nf6
9.b3 cxd4 10.exd4 Be7 11.Bb2 O-O 12.Rc1 Nb4 13.Ne5 Nbd5 14.Bf3 Nxc3 15.
Rxc3 Nd5 16.Rc1 Bd6 17.Nc4 Bb8 18.Ne3 Qd6 19.g3 b5 20.Nxd5 exd5 21.Rc5 Be6
22.Qc2 Rd8 23.Rc1 Qf8 24.Qd2 Ra7 25.Kg2 1/2-1/2

[Event "Elite Hotels Open 2015"]
[Site "Elite Stadshotellet, Vaxjo"]
[Date "2015.02.15"]
[Round "7.57"]
[White "Darnell, Anton"]
[Black "Stenman, Christoffer"]
[Result "0-1"]
[WhiteElo "1842"]
[BlackElo "1939"]
[EventDate "2015.02.13"]

1.e4 c5 2.Nf3 d6 3.d4 cxd4 4.Nxd4 Nf6 5.Nc3 g6 6.Be2 Bg7 7.O-O O-O 8.Nb3 
Nc6 9.Kh1 Be6 10.f4 Rc8 11.f5 Bd7 12.Qe1 Ne5 13.Qh4 d5 14.Bf4 Rxc3 15.Bxe5
Rxc2 16.Nd4 Rc8 17.exd5 Nxd5 18.Bxg7 Kxg7 19.Qe4 Bc6 20.fxg6 hxg6 21.Rxf7+
Kxf7 22.Ne6 Qd6 23.Bd3 Nf4 24.Qxf4+ Qxf4 25.Nxf4 g5 26.Bc4+ Ke8 27.Ne6 Rf2
28.Ng7+ Kf8 29.Ne6+ Kf7 30.Nxg5+ Kg6 31.h4 Rxg2 32.Bd3+ Kh5 0-1

[Event "Elite Hotels Open 2015"]
[Site "Elite Stadshotellet, Vaxjo"]
[Date "2015.02.15"]
[Round "7.59"]
[White "Olsson, Tomas"]
[Black "Wiklund, Johan"]
[Result "0-1"]
[WhiteElo "1900"]
[BlackElo "1823"]
[EventDate "2015.02.13"]

1.e4 e6 2.d4 d5 3.Nc3 Bb4 4.e5 Qd7 5.Bd2 b6 6.Bb5 c6 7.Ba4 Ba6 8.Nce2 
Bxd2+ 9.Qxd2 Ne7 10.Nf3 Bb5 11.Bb3 c5 12.c3 Ba4 13.Bxa4 Qxa4 14.O-O Nbc6 
15.b3 Qa3 16.Ne1 cxd4 17.cxd4 Qb4 18.Qd3 O-O 19.Nc2 0-1

[Event "Elite Hotels Open 2015"]
[Site "Elite Stadshotellet, Vaxjo"]
[Date "2015.02.15"]
[Round "7.60"]
[White "Cramling Bellon, Anna"]
[Black "Andersson, Stefan 1975"]
[Result "1-0"]
[WhiteElo "1711"]
[BlackElo "1895"]
[EventDate "2015.02.13"]

1.d4 Nf6 2.c4 g6 3.Nc3 Bg7 4.e4 d6 5.f4 c5 6.d5 O-O 7.Nf3 e6 8.Be2 exd5 9.
cxd5 Re8 10.e5 dxe5 11.fxe5 Ng4 12.Bg5 f6 13.exf6 Nxf6 14.d6 Qa5 15.O-O 
Nbd7 16.Nb5 Re4 17.Bxf6 Nxf6 18.Ng5 Re5 19.Bc4+ Kf8 20.Nxh7+ 1-0

[Event "Elite Hotels Open 2015"]
[Site "Elite Stadshotellet, Vaxjo"]
[Date "2015.02.15"]
[Round "7.62"]
[White "Frantz, Dylan"]
[Black "Svensson, John 1997"]
[Result "1-0"]
[WhiteElo "1891"]
[BlackElo "1749"]
[EventDate "2015.02.13"]

1.e4 e6 2.b3 d5 3.Bb2 dxe4 4.Nc3 f5 5.f3 exf3 6.Nxf3 Nc6 7.Bb5 Qd6 8.Qe2 
Bd7 9.O-O-O O-O-O 10.Bxc6 Bxc6 11.Ne5 Nh6 12.Rhe1 Re8 13.Nb5 Bxb5 14.Qxb5 
c6 15.Qa5 Kb8 16.Nc4 Qd7 17.Be5+ Kc8 18.Nb6+ axb6 19.Qa8# 1-0

[Event "Elite Hotels Open 2015"]
[Site "Elite Stadshotellet, Vaxjo"]
[Date "2015.02.15"]
[Round "7.65"]
[White "Berg, Maria"]
[Black "Wallenas, Joakim"]
[Result "0-1"]
[WhiteElo "1763"]
[BlackElo "1992"]
[EventDate "2015.02.13"]

1.e4 d6 2.Bc4 g6 3.Ne2 Bg7 4.O-O Nf6 5.Nbc3 O-O 6.d4 b6 7.Bg5 Nxe4 8.Nxe4 
d5 9.Bd3 dxe4 10.Bxe4 c6 11.c3 Ba6 12.f4 Qc7 13.f5 Nd7 14.Rf3 Nf6 15.Bc2 
Nd5 16.fxg6 fxg6 17.Rh3 e5 18.Ng3 exd4 19.cxd4 Nf4 20.Bb3+ Kh8 21.Rh4 Rae8
22.Bc2 c5 23.Bxf4 Rxf4 24.Rxh7+ Kxh7 25.Qh5+ Kg8 26.Qxg6 Qf7 27.Qh7+ Kf8 
28.Bg6 Bxd4+ 29.Kh1 Qxh7 0-1

[Event "Elite Hotels Open 2015"]
[Site "Elite Stadshotellet, Vaxjo"]
[Date "2015.02.15"]
[Round "7.66"]
[White "Blazekovic, Nina"]
[Black "Rudolph, Justus"]
[Result "1-0"]
[WhiteElo "1885"]
[BlackElo "1760"]
[EventDate "2015.02.13"]

1.e4 e5 2.Nf3 Nc6 3.d4 exd4 4.Nxd4 Bc5 5.Be3 Bb6 6.Nc3 Nge7 7.Qd2 d6 8.
O-O-O Bd7 9.Bc4 Ne5 10.Be2 N7c6 11.h3 Na5 12.Bg5 f6 13.Bh4 Nac4 14.Qe1 
Bxd4 15.Rxd4 Nb6 16.f4 Nc6 17.Rd3 Be6 18.e5 d5 19.exf6 gxf6 20.Bg4 Qd7 21.
Bxe6 Qe7 22.Re3 Kf8 23.Bxd5 Qd6 24.Bb3 Qxf4 25.Bxf6 1-0

[Event "Elite Hotels Open 2015"]
[Site "Elite Stadshotellet, Vaxjo"]
[Date "2015.02.15"]
[Round "7.67"]
[White "Fransson, Stefan"]
[Black "Segerfelt, Louise"]
[Result "0-1"]
[WhiteElo "1875"]
[BlackElo "1753"]
[EventDate "2015.02.13"]

1.e4 e5 2.f4 exf4 3.Bc4 Nc6 4.Nf3 g5 5.O-O Bg7 6.d4 d6 7.c3 Bd7 8.g3 Qe7 
9.gxf4 gxf4 10.Bxf4 O-O-O 11.Nbd2 Nh6 12.b4 Rhg8 13.Kh1 Ng4 14.b5 Na5 15.
Bd3 Bh6 16.Bxh6 Nxh6 17.Rg1 Rxg1+ 18.Qxg1 Rg8 19.Qe1 Bh3 20.Bf1 Bg4 21.Bg2
Qe6 22.Qf2 Kb8 23.c4 Nxc4 24.d5 Qf6 25.Rf1 Ne5 26.Qe3 Nxf3 27.Bxf3 Bh3 28.
Bg4 Nxg4 29.Qxh3 Nf2+ 30.Rxf2 Qxf2 31.Nf3 Qxa2 0-1

[Event "Elite Hotels Open 2015"]
[Site "Elite Stadshotellet, Vaxjo"]
[Date "2015.02.15"]
[Round "7.68"]
[White "Aira, Leonardo"]
[Black "Westerlund, Ola"]
[Result "1-0"]
[WhiteElo "1703"]
[BlackElo "1875"]
[EventDate "2015.02.13"]

1.e4 d6 2.d4 Nf6 3.Nc3 g6 4.f3 c6 5.Be3 b5 6.a3 Nbd7 7.Qd2 Bb7 8.Be2 e5 9.
dxe5 dxe5 10.h4 Nc5 11.Rd1 Qxd2+ 12.Rxd2 Ne6 13.Nh3 Bc5 14.Bxc5 Nxc5 15.b4
Ne6 16.f4 a5 17.O-O axb4 18.axb4 Ke7 19.fxe5 Nd7 20.Rxd7+ Kxd7 21.Rxf7+ 
Ke8 22.Rxb7 h5 23.Bd3 Rf8 24.Ne2 Rf7 25.Rxf7 Kxf7 26.c4 Ra4 27.cxb5 cxb5 
28.Bxb5 Rxb4 29.Bc6 Kg7 30.Bd5 Nc5 31.Ng5 Rb1+ 32.Kh2 Nd3 33.Nf3 Rb4 34.
Kg3 Ra4 35.Nf4 Nc5 36.Ng5 Ra3+ 37.Kh2 Ra7 38.Nge6+ Nxe6 39.Nxe6+ Kh6 40.
Kg3 Re7 41.Ng5 Kg7 42.Kf4 Ra7 43.Ne6+ Kh6 44.Nc5 Rc7 45.e6 Rxc5 46.e7 Rc8 
47.Bf7 1-0

[Event "Elite Hotels Open 2015"]
[Site "Elite Stadshotellet, Vaxjo"]
[Date "2015.02.15"]
[Round "7.70"]
[White "Szumniak, Jedrzej"]
[Black "Persson, Borje"]
[Result "1/2-1/2"]
[WhiteElo "1675"]
[BlackElo "1833"]
[EventDate "2015.02.13"]

1.d4 Nf6 2.c4 e6 3.Nc3 d5 4.Bg5 Be7 5.Nf3 O-O 6.e3 h6 7.Bh4 Ne4 8.Bxe7 
Qxe7 9.cxd5 Nxc3 10.bxc3 exd5 11.Bd3 Nd7 12.O-O Nf6 13.Qc2 Re8 14.Ne5 c5 
15.f4 Ng4 16.Rae1 c4 17.Bh7+ Kh8 18.h3 Nf6 19.Bg6 Be6 20.f5 Kg8 21.fxe6 
fxg6 22.Qxg6 Qxe6 23.Rb1 Rab8 24.Rxf6 Qxf6 25.Qxf6 gxf6 26.Nd7 Kf7 27.Nxb8
Rxb8 28.Rb5 Ke6 29.a4 b6 30.Kf2 a6 31.Rb1 b5 32.Kf3 h5 33.h4 Kf5 34.g3 Rb7
35.Rb2 1/2-1/2